000 00652nam a2200253Ia 4500
003 OSt
005 20220918213711.0
006 a|||||r|||| 00| 0
007 ta
008 220917b |||||||| |||| 00| 0 eng d
024 _a133,859
037 _cTextual
040 _aARTS
_cARTS
_beng
041 _2eng
_aeng
082 _aX:89Q8, L2
100 _aCaplen Rowland
_914834
245 0 _aPractical approach to quality control
250 _a2nd
260 _aCommunica
_bBusiness Books
_c1972
300 _axi,337p.
_ccm.
650 _aECONOMICS
942 _hX:89Q8, L2
_cTEXL
_2CC
999 _c256966
_d256966